Logo BPK

Biblioteka

Politechniki Koszalińskiej

Zagadnienia aproksymacji i dyskretyzacji w badaniach symulacyjnych dynamiki toru i pojazdu szynowego / (Rekord nr 54175)

Szczegóły MARC
000 -ETYKIETA REKORDU
podpole kontrolne o stałej długości 01224nam a2200301 i 4500
001 - NUMER KONTROLNY REKORDU
pole kontrolne bg
040 ## - ŹRÓDŁO KATALOGOWANIA
Instytucja, która utworzyła rekord BPK
041 0# - KOD JĘZYKA
Kod języka tekstu pol
Kod języka streszczenia lub abstraktu eng
044 ## - KOD KRAJU WYDAWCY/PRODUCENTA
Kod kraju wydawcy/producenta POL
080 ## - UNIWERSALNA KLASYFIKACJA DZIESIĘTNA - UKD
UKD 625.143:629.4]:531:519.65:519.876.5
008 - POLE O STAŁEJ DŁUGOŚCI - DANE KONTROLNE
podpole kontrolne o stałej długości s pl f |000 0 pol
100 1# - NAZWA OSOBOWA
Nazwa osobowa Sowiński, Bogdan.
245 0# - TYTUŁ/ODPOWIEDZIALNOŚĆ
Tytuł Zagadnienia aproksymacji i dyskretyzacji w badaniach symulacyjnych dynamiki toru i pojazdu szynowego /
Pozostałe elementy strefy tytułu i oznaczenia odpowiedzialności Bogdan Sowiński.
246 01 - WARIANT TYTUŁU
Treść wyrażenia wprowadzającego Tyt. równol. :
Tytuł Zagadnienia aproksymacji i dyskretyzacji w badaniach symulacyjnych dynamiki toru i pojazdu szynowego
260 ## - STREFA ADRESU WYDAWNICZEGO
Miejsce wydania Warszawa :
Nazwa wydawcy/dystrybutora Oficyna Wydawnicza Politechniki Warszawskiej,
Data publikacji, dystrybucji/powstania dokumentu 2007.
300 ## - STREFA OPISU FIZYCZNEGO
Objętość 193 s. :
Inne cechy fizyczne wykr. ;
Rozmiary 24 cm
490 1# - STREFA SERII I DOKUMENTU WIELOCZĘŚCIOWEGO - FORMA NIE DO WYSZUKIWANIA
Tytuł i oznaczenie odpowiedzialności serii Prace Naukowe / Politechnika Warszawska. Transport,
ISSN 1230-9265 ;
Numeracja w obrębie serii z. 59
500 ## - UWAGI OGÓLNE
Tekst uwagi Opis wg okł. Odm. tyt. serii w nagł. : Prace Naukowe Politechniki Warszawskiej.
504 ## - UWAGA DOTYCZĄCA BIBLIOGRAFII
Informacje o bibliografii Bibliogr. s. 180-191.
546 ## - UWAGA O JĘZYKU
Uwaga o języku Streszcz. ang.
650 #9 - HASŁO PRZEDMIOTOWE W FORMIE NAZWY OGÓLNEJ LUB JEDNOSTKOWEJ
Nazwa ogólna lub geograficzna Pojazdy szynowe
Określnik ogólny badanie
650 #9 - HASŁO PRZEDMIOTOWE W FORMIE NAZWY OGÓLNEJ LUB JEDNOSTKOWEJ
Nazwa ogólna lub geograficzna Szyny kolejowe
Określnik ogólny dynamika
-- badanie
650 #9 - HASŁO PRZEDMIOTOWE W FORMIE NAZWY OGÓLNEJ LUB JEDNOSTKOWEJ
Nazwa ogólna lub geograficzna Symulacja
Określnik ogólny stosowanie
650 #9 - HASŁO PRZEDMIOTOWE W FORMIE NAZWY OGÓLNEJ LUB JEDNOSTKOWEJ
Nazwa ogólna lub geograficzna Aproksymacja
Określnik ogólny stosowanie
830 0# - HASŁO DODATKOWE SERII LUB DOKUMENTU WIELOCZĘŚCIOWEGO - TYTUŁ UJEDNOLICONY
Tytuł ujednolicony Prace Naukowe - Politechnika Warszawska.
Nazwa części/sekcji dzieła Transport,
-- 1230-9265 ;
Oznaczenie tomu z. 59
856 ## - LOKALIZACJA I DOSTĘP DO ELEKTRONICZNYCH DOKUMENTÓW ZDALNYCH
Link (URL) http://koha.tu.koszalin.pl/cgi-bin/koha/opac-detail.pl?biblionumber=54175
Tekst linku Katalog online BPK
942 ## - DODATKOWE ELEMENTY (KOHA)
Typ dokumentu Książka
Egzemplarze
Wycofany Status egzemplarza Uszkodzony Dostępność Lokalizacja stała Lokalizacja bieżąca Miejsce przechowywania Sygnatura Kod kreskowy Ostatnio wypożyczono Typ dokumentu
      Dostępny Biblioteka Politechniki Koszalińskiej Biblioteka Politechniki Koszalińskiej Wypożyczalnia BG 85093 02384870 22.10.2020 Książka
© 2023 Biblioteka Politechniki Koszalińskiej :: KOHA